000 00507nam a2200193 a 4500
001 000027727
005 20200930031040.0
008 110404s1999 dr 000 0 spa d
020 _a9993433640
040 _aDO-SdBNP
_bspa
_cBNPHU
082 _axxxx
_bS795m
100 1 _aStark, Alex
_954804
245 1 3 _aLa miel /
_cAlex Stark.
260 _aSanto Domingo :
_bGrupo Editorial Fénix,
_c1999.
300 _a68 p. ;
_c21 cm.
490 1 _aSalud y vida
830 0 _aSalud y vida
_922156
049 _aBNPD
999 _c27219
_d27219